Undergraduate macroeconomics - real business or new Keynesian? Empirical results
Otázka - ako vyučovať makroekonomiku vysokoškolských študentov. Zváženie dvoch prístupov - prístup založený na teórii reálnych hospodárskych cyklov, alebo novej Keynesovskej teórii. Veľké rozdiely medzi makroekonomikou a mikroekonomikou. Materiály a metódy. Korelačná analýza. Výsledky a diskusia.
Enregistré dans:
| Auteur principal: | |
|---|---|
| Autres auteurs: | , |
| Format: | Chapitre de livre |
| Langue: | anglais |
| Sujets: | |
| Tags: |
Pas de tags, Soyez le premier à ajouter un tag!
|
MARC
| LEADER | 00000naa$a2200000$$$4500 | ||
|---|---|---|---|
| 001 | 0155419 | ||
| 005 | 20240502083348.8 | ||
| 041 | 0 | |a eng | |
| 044 | |a CZ | ||
| 245 | 1 | 0 | |a Undergraduate macroeconomics - real business or new Keynesian? Empirical results |c Karol Szomolányi, Martin Lukáčik, Adriana Lukáčiková |
| 520 | |a Otázka - ako vyučovať makroekonomiku vysokoškolských študentov. Zváženie dvoch prístupov - prístup založený na teórii reálnych hospodárskych cyklov, alebo novej Keynesovskej teórii. Veľké rozdiely medzi makroekonomikou a mikroekonomikou. Materiály a metódy. Korelačná analýza. Výsledky a diskusia. | ||
| 610 | 2 | 0 | |a vyučovanie |
| 610 | 2 | 0 | |a vysokoškoláci |
| 610 | 2 | 0 | |a makroekonomika |
| 610 | 2 | 0 | |a cykly hospodárske |
| 610 | 2 | 0 | |a keynesizmus |
| 610 | 2 | 0 | |a analýza korelačná |
| 100 | 1 | |a Szomolányi, Karol, 1976- | |
| 700 | 1 | |a Lukáčik, Martin, 1974- | |
| 700 | 1 | |a Lukáčiková, Adriana, 1971- | |